ਤਾਰਾ ਸਿੰਘ ਦੀ ਕਵਿਤਾ ਦਾ ਵਿਕਾਸ / (Record no. 110652)

MARC details
000 -LEADER
fixed length control field 01092nam a22002537a 4500
005 - DATE AND TIME OF LATEST TRANSACTION
control field 20170123164155.0
010 ## - LIBRARY OF CONGRESS CONTROL NUMBER
LC control number B-067186
020 ## - INTERNATIONAL STANDARD BOOK NUMBER
Terms of availability 180.00
035 ## - SYSTEM CONTROL NUMBER
System control number B-067186
037 ## - SOURCE OF ACQUISITION
Stock number Cen Lib / Ret
040 ## - CATALOGING SOURCE
Original cataloging agency DPL
Language of cataloging PN
082 ## - DEWEY DECIMAL CLASSIFICATION NUMBER
Classification number 851.08
Item number ਗੁਰਮੋ
100 ## - MAIN ENTRY--PERSONAL NAME
Personal name ਗੁਰਮੋਹਿੰਦਰ ਸਿੰਘ
9 (RLIN) 44829
245 ## - TITLE STATEMENT
Title ਤਾਰਾ ਸਿੰਘ ਦੀ ਕਵਿਤਾ ਦਾ ਵਿਕਾਸ /
Statement of responsibility, etc ਗੁਰਮੋਹਿੰਦਰ ਸਿੰਘ
246 ## - VARYING FORM OF TITLE
Title proper/short title Tara Singh di kavita da vikas /
Remainder of title by Gurmohinder Singh
260 ## - PUBLICATION, DISTRIBUTION, ETC. (IMPRINT)
Place of publication, distribution, etc ਦਿੱਲੀ
Name of publisher, distributor, etc ਸਿਲਾਲੇਖ ਬੁਕਸ
Date of publication, distribution, etc 2002
270 ## - ADDRESS
Address 25/114, ਗਲੀ ਨੰ. 6 ਮਾਲਵੀਰ ਬਲਾਕ, ਟੋਲਾਨਾਥ ਨਗਰ, ਸ਼ਾਹਦਰਾ
City ਦਿੱਲੀ
Postal code 110032
300 ## - PHYSICAL DESCRIPTION
Extent 172p.
Dimensions 19cm(Hb)
650 ## - SUBJECT ADDED ENTRY--TOPICAL TERM
Topical term or geographic name as entry element ਪੰਜਾਬੀ ਸਾਹਿਤ-ਕਵਿਤਾਵਾਂ
9 (RLIN) 780
650 ## - SUBJECT ADDED ENTRY--TOPICAL TERM
Topical term or geographic name as entry element ਪੰਜਾਬੀ ਸਾਹਿਤ
9 (RLIN) 134043
650 ## - SUBJECT ADDED ENTRY--TOPICAL TERM
Topical term or geographic name as entry element Punjabi Literature-Poems
9 (RLIN) 782
650 ## - SUBJECT ADDED ENTRY--TOPICAL TERM
Topical term or geographic name as entry element Punjabi Literature
9 (RLIN) 134044
942 ## - ADDED ENTRY ELEMENTS (KOHA)
Source of classification or shelving scheme Dewey Decimal Classification
Koha item type Punjabi Bks
Classification part 851.08
Call number suffix ਗੁਰਮੋ
Holdings
Withdrawn status Lost status Damaged status Not for loan Home library Current library Date acquired Source of acquisition Cost, normal purchase price Total Checkouts Full call number Barcode Date last seen Copy number Cost, replacement price Price effective from Koha item type
        Central Library Central Library 06/02/2016 Cen Lib/Ret 180.00   851.08 ਗੁਰਮੋ B-067186 06/02/2016 1 180.00 15/09/2016 Punjabi Bks

© Delhi Public Library
Hit Counter
free hit counter